LEADER 01194nam a2200253 i 4500 001 000000241158 003 CaOOAMICUS 005 20220411144137.0 008 150423s1784 it u000 u lat u 013 $a220063 026 $aa.l- Eti- t,e- stri (3) 1784 (R) 040 $aSeMil$bita 100 1 $aUghi, Pietro Alessandria Maria,$d<1725-1795>.$0(OLS)http://semarc/name/81686 245 10$aPetri Alexandri Mariae Ughi congr. Divi Paulli ... De Honorio primo pontefice maximo liber. 260 $aBononiae :$bEx Officina Sancti Thomae Aquinatis,$c1784. 300 $a227, [1] p., [1] carta di tav. ;$c8°. 500 $aSegn. A-N4 O10 600 04$aOnorio I .$0(OLS)http://semarc/subject/42334 710 2 $aStamperia di S. Tommaso d'Aquino$b.$0(OLS)http://semarc/name/12616 850 $aSeMil 852 $aSeMil$W1$xVenegono$y1$m3E III 33 FA$j191504$B191504$CSeMilBibl$Z2$F202298 $8I 996 $6245$aPetri Alexandri Mariae Ughi congr. Divi Paulli ... De Honorio primo pontefice maximo liber$9(OLS)http://semarc/title/342844 996 $6260$aBononiae :$bEx Officina Sancti Thomae Aquinatis$9(OLS)http://semarc/publisher/54551 LEADER 01138nam a2200241 i 4500 001 000000063710 003 CaOOAMICUS 005 20130328000000.0 008 130328s1969 it u000 u ita u 013 $a34882 040 $aSeMil$bita 100 1 $aEnd, Thomas : van den.$0(OLS)http://semarc/name/32203 245 10$aPaolo Geymonat :$be il movimento evangelico in Italia nella seconda metà del secolo 19. /$cThomas van den End. 260 $aTorino :$bClaudiana,$c1969. 300 $a354 p. ;$c24 cm. 490 0 $aCollana della Facoltà valdese di teologia di Roma ;$v9 500 $aContiene : Appendici ; Bibliografia ; Samenvatting ; Summary. 650 4$aProtestantesimo.$0(OLS)http://semarc/subject/936 830 0$aCollana della Facoltà valdese di teologia di Roma ;$v9.$0(OLS)http://semarc/title/6094 850 $aSeMil 852 $aSeMil$W1$xVenegono$y1$m2M III 222$j29863$B29863$CSeMilBibl$Z2$F29866 $81 996 $6245$aPaolo Geymonat :$be il movimento evangelico in Italia nella seconda metà del secolo 19.$9(OLS)http://semarc/title/100719 996 $6260$aTorino :$bClaudiana$9(OLS)http://semarc/publisher/29837